000 00598nam a2200229Ia 4500
003 OSt
005 20221005133211.0
006 a|||||r|||| 00| 0
007 ta
008 221004b |||||||| |||| 00| 0 mar d
024 _a61720
037 _cTextual
040 _aCRL
_cCRL
_bmar
041 _2mar
_amar
082 _aO155,2N36,3, L3
100 _aGoikar Padmakar Au.
_9642215
245 0 _aVyakti titkya prakriti
260 _c1973
650 _aMARATHI LITERATURE
_938000
942 _hO155,2N36,3, L3
_cTEXL
_2cc
999 _c1066094
_d1066094